00995nam a2200265 i 450000100060000000300080000600500170001400800410003102000170007203500190008904000320010804100080014008200180014810000290016624500970019526000530029230000290034549000660037450000420044050400410048265100350052394200120055899900170057095201420058727418BD-RjUL20211209051143.0140325r19741969enkb b 000 0 eng d a070070020X : a(BD-RjUL)27492 aDLCcDLCdDLCdBD-RjULbeng aeng00a967bLEA 19741 aLewicki, Tadeusz.98422610aArabic external sources for the history of Africa to the south of Sahara /cTadeusz Lewicki. aLondon :bCurzon Press,c1969 [impression 1974]. a102 p. :bill. ;c24 cm.0 aPolska Akademia Nauk. Komisja Orientalistyczna. Prace ; nr. 9 aOriginally published in Warsaw, 1969. aIncludes bibliographical references. 0aAfricaxHistoriography.984227 2ddccBK c27418d27418 00102ddc40728NFICaRUCLbRUCLcReadingd1980-11-15eW. Heffer & Sonsg2.50l0o967 LEA 1974r2014-03-25 00:00:00tC-1w2014-03-25yBK